000 03614cam a2200349 4500500
005 20260329022218.0
041 _afre
042 _adc
100 1 0 _aBrunette, Marielle
_eauthor
700 1 0 _aCabantous, Laure
_eauthor
700 1 0 _aCouture, Stéphane
_eauthor
700 1 0 _aStenger, Anne
_eauthor
245 0 0 _aAssurance, intervention publique et ambiguïté : une étude expérimentale auprès de propriétaires forestiers privés
260 _c2009.
500 _a20
520 _aCet article examine l’effet de programmes d’aides publiques sur les comportements d’assurance de propriétairesforestiers privés. Nous analysons l’incidence de trois types de programmes publics, actuellement utilisés par différentsgouvernements pour réguler la demande d’assurance : une aide forfaitaire, une aide forfaitaire contingente à l’assurance etune subvention à l’assurance. Nous nous interrogeons également sur l’impact de l’ambiguïté relative à la probabilitéd’occurrence du risque sur la demande d’assurance. Dans un premier temps, nous proposons des prédictions théoriquesportant sur les effets de ces deux composantes sur le comportement d’assurance. Ces différentes prédictions sont, dans unsecond temps, testées empiriquement. Les résultats de notre expérience, réalisée avec des propriétaires forestiers,confirment nos prédictions. Nous observons en effet que l’aide publique forfaitaire et la subvention à l’assuranceréduisent la demande privée d’assurance des propriétaires. Nous constatons également que l’aide contingente engendreune réduction de demande privée d’assurance moins importante que l’aide forfaitaire. De plus, nos résultats montrent queles propriétaires forestiers ont un consentement à payer pour l’assurance plus fort en situation ambiguë qu’en situationrisquée. Ce résultat prouve que les propriétaires forestiers sont averses à l’ambiguïté.
520 _aInsurance, Public Intervention and Ambiguity : an Experimental Study of Private Forest Owners This article examines the effect of public compensation programs on the insurance behavior of private forest owners. Weanalyze the impact of three types of public programs currently used in some European countries : flat-rate aid, contingentflat-rate aid, and insurance subsidy. We also analyze the impact of ambiguity concerning the probability of risk occurrenceon insurance demand. We begin by formulating theoretical predictions about the effects of public programs andambiguity on insurance demand. We then test these predictions on forest owners. The results of our experiment confirmour predictions. Flat-rate aid and insurance subsidies do indeed reduce forest owners’ insurance demand. Contingentflat-rate aid generates a smaller reduction in insurance demand than non-contingent flat-rate aid. Forest owners are alsomore willing to pay for insurance in an ambiguous context than in a risky one. This finding confirms our prediction thatforest owners are ambiguity-averse.
690 _aambiguïté
690 _aassurance
690 _aéconomie expérimentale
690 _aforêts
690 _aprogramme d'aides publiques
690 _arisque
690 _aambiguity
690 _aexperimental economics
690 _aforest
690 _ainsurance
690 _apublic program
690 _arisk
786 0 _nÉconomie & prévision | 190-191 | 4 | 2009-12-28 | p. 123-134 | 0249-4744
856 4 1 _uhttps://shs.cairn.info/revue-economie-et-prevision-1-2009-4-page-123?lang=fr&redirect-ssocas=7080
999 _c1918474
_d1918474